Aplique el dBASE III

Kaydedildi:
Detaylı Bibliyografya
Yazar: Jones, Edward (Yazar)
Materyal Türü: Kitap
Dil:İspanyolca
Baskı/Yayın Bilgisi: Madrid Osborne - McGraw-Hill 1986
Konular:
Etiketler: Etiketle
Etiket eklenmemiş, İlk siz ekleyin!

MARC

LEADER 00000nam a2200000 a 4500
001 UCW0669
003 CL-VaPUC
008 880803e19860000SP |||||||||||||||||spa|d
082 0 4 |a 005.133  |b JON  |2 21 
100 |a Jones, Edward  |e author  |9 304570 
245 1 0 |a Aplique el dBASE III 
300 |a 262 p 
942 |c BK 
945 |d 19880803 00:00:00  |a oaravena 
260 |a Madrid  |b Osborne - McGraw-Hill  |c 1986 
650 0 |a Administración de bases de datos   |9 260338 
650 0 |a Computadores  |9 258188 
650 0 |a Programación de computadores   |9 259531 
650 0 |a Análisis de sistemas   |9 260059 
650 0 |a Aplicaciones de computadores  |9 260401 
583 |a last modification  |c 20150417 17:44:57  |k Rodrigo Vera 
999 |c 215741  |d 215739 
952 |0 0  |1 0  |4 0  |6 005_133000000000000_JON_1986  |7 0  |8 A  |9 200555  |a BIBMAT  |b BIBMAT  |d 2019-11-14  |i 2677938  |o 005.133 JON 1986  |p 2677938  |r 2025-01-07  |w 2019-11-14  |y BK  |k MAT 
952 |0 0  |1 0  |4 0  |6 005_133000000000000_JON_1986  |7 0  |8 A  |9 200556  |a BIBMAT  |b BIBMAT  |d 2019-11-14  |i 2677946  |o 005.133 JON 1986  |p 2677946  |r 2025-01-07  |w 2019-11-14  |y BK  |k MAT